2022 Milwaukee Brewers Roster w/ First Names - Statistics

General Stats
  • This quiz has been taken 50 times
  • The average score is 22 of 51
Answer Stats
First Last % Correct
Christian Yelich
95%
Freddy Peralta
86%
Tyrone Taylor
86%
Devin Williams
86%
Corbin Burnes
84%
Lorenzo Cain
84%
Hoby Milner
84%
Kolten Wong
84%
Willy Adames
81%
Rowdy Tellez
81%
Keston Hiura
76%
Jace Peterson
76%
Garrett Mitchell
73%
Luis Urias
73%
Aaron Ashby
68%
Adrian Houser
68%
Omar Narvaez
65%
Hunter Renfroe
65%
Brandon Woodruff
65%
Esteury Ruiz
62%
Brent Suter
57%
Victor Caratini
54%
Josh Hader
49%
Brad Boxberger
43%
Eric Lauer
43%
Ethan Small
43%
Chi Chi Gonzalez
41%
J.C. Mejia
30%
Taylor Rogers
30%
Pablo Reyes
27%
Miguel Sanchez
27%
Jonathan Davis
24%
Jandel Gustave
24%
Andrew McCutchen
22%
Pedro Severino
22%
Matt Bush
19%
Jason Alexander
16%
Mike Brosseau
16%
Jake Cousins
14%
Mario Feliciano
14%
Trevor Gott
14%
Peter Strzelecki
14%
Alex Jackson
11%
Luis Perdomo
11%
Mark Mathias
5%
Luke Barker
3%
Trevor Kelley
3%
Jake McGee
3%
Connor Sadzeck
3%
Justin Topa
3%
Jose Urena
0%
No matching quizzes found
Score Distribution
Percent of People with Each Score
Percentile by Number Answered
Your Score History
You have not taken this quiz